000 00976nam1a2200301 i 4500
001 RU\NLR\bibl\2000694
005 20260406080621.0
035 _a(NLR Aleph) 001989431
090 _a4203623
_c4203623
100 _a20130214g20119999u y0rusy50 ca
101 0 _arus
102 _aRU
105 _a||||z |||||
200 1 _aЗаметки каждого дня. Слепое окно
_fАнатолий Зябрев
210 _aКрасноярск
_cКрасноярский писатель
_d2011
215 _d20
463 0 _10011939275
517 0 _aСлепое окно
686 _aШ6(2=Р)75-46
700 1 _4070
_7ca
_8rus
_aЗябрев
_bА. Е.
_f1926-2021
_gАнатолий Ефимович
_3RU\NLR\AUTH\770213516
_9213460
801 0 _aRU
_bNLR
_c20130214
_gRCR
801 1 _aRU
_bNLR
_c20130214
852 _aNLR
_j2012-3/26003
942 _cBOOK
980 _aNBR